| 000 | 00404nam a22001217a 4500 | ||
|---|---|---|---|
| 020 | _a9780241700884 | ||
| 082 | _a327.73 CHO/M | ||
| 100 | _aChomsky,Noam and Robinson,Nathan J | ||
| 245 |
_aThe myth of American idealism : _bhow U S foreign policy endangers the world/ _cby Noam Chomsky and Nathan J Robinson |
||
| 260 |
_a. - UK _b: Hamish Hamilton _c, 2024 |
||
| 300 | _aviii+400 pages | ||
| 942 |
_2ddc _cBK |
||
| 999 |
_c749093 _d749093 |
||